=LDR 00000nam 2200000 4500 =001 INLIS000000000015417 =005 20130612110710 =008 ***********************************Indo** =035 ##$$0010-061300000015417 =041 ##$$a Indo =082 ##$$a F.Rom K =090 ##$$a F.Rom K, Adi =100 ##$$a Adi Suwignyo =245 ##$$a Keberanian Tak Terduga, Suwignyo Adi =250 ##$$a 92 hlm Bp No.3893 =260 ##$$a 1993 $b Jakarta =300 ##$$a 92 hlm, ilus, 20 cm =650 ##$$a Fiksi Kanak-Kanak =850 ##$$a NBPNMAT